000 004700000a22001810004500
003 LK-CoMWRAF
008 230817t ||||| |||| 00| 0 eng d
040 _aLK-CoMWRAF
_dLK-CoMWRAF
_eLK-CoMWRAF
041 _aeng
082 _a550
_bWLU
100 _aHelie-Lucas, M.A.
245 _aL'internationalisme dans le mouvement des femmes
_b
260 _aGrables
_bWLUML
_c1994
300 _ap.p.v.
490 _aoccasional paper no.4
650 _abibliography
942 _cBK
999 _c969
_d969